| 000 | 01046nam a2200253 a 4500 | ||
|---|---|---|---|
| 001 | BRCA_7222 | ||
| 005 | 20190320205746.0 | ||
| 008 | 180112s19481947sp-a######---#000-0#spa-# | ||
| 041 | _aspa | ||
| 044 | _asp | ||
| 050 | 4 |
_aN7101 _b.M55 |
|
| 245 | 1 | 0 |
_aMil joyas de arte español _bpiezas selectas, monumentos magistrales, fotografiìas documentales de los archivos del Instituto Gallach |
| 260 |
_aBarcelona _bInstituto Gallach _c1948, c1947 |
||
| 300 |
_a2 v. _bil. (algunas a color), 1000 láminas _c30 cm. |
||
| 500 | _aP118 | ||
| 501 | _aContenido: v.1 Antiguedad y Edad Media/ estudio preliminar, sección y comentarios, originales de Maria Elena Gomez Moreno.-- v. 2 Edad moderna y contemporanea / estudio preliminar, sección y comentarios, originales de F. P. Verrie y A. Cirici Pellicier. | ||
| 650 | 1 | 4 |
_aArte _xHistoria _917896 |
| 650 | 1 | 4 |
_aArte español _92063 |
| 700 | 1 |
_aGomez Moreno, Maria Elena _917897 |
|
| 700 | 1 |
_aVerrie, F. P. _917898 |
|
| 710 | 2 |
_aInstituto Gollach (España) _917899 |
|
| 902 | _aGFM | ||
| 942 |
_2lcc _cB |
||
| 999 |
_c6903 _d6903 |
||